| 000 | 01139njm a2200301Ia 4500 | ||
|---|---|---|---|
| 001 | 40073 | ||
| 003 | IT-RoPAU | ||
| 005 | 20220918181113.0 | ||
| 008 | 131025s9999 xx 000 0 und d | ||
| 040 | _aIT-RoPAU | ||
| 040 | _cIT-RoPAU | ||
| 041 | _aINGLESE | ||
| 999 |
_c99150 _d99150 |
||
| 999 | _bn.d. | ||
| 100 |
_aWebber Andrew Lloyd _9977 |
||
| 100 |
_eAutore musica _920642 |
||
| 100 |
_gCodice autore musica SPICS: 11199 _9979 |
||
| 245 | _aJesus Christ Superstar | ||
| 250 | _a1a ed. | ||
| 260 | _aTORINO | ||
| 260 |
_bFONIT CETRA _c1973 [1a Ed.:1973 - Ed. Lingua Orig.: 1973] |
||
| 300 | _aDISCO | ||
| 500 | _aMusica rock. Opera teatrale rock | ||
| 505 | _aOuverture - Heaven On Their Minds - What's the Buzz - Everything's Allright - Pilate's Dream - I Don't Know How To Love Him - Damned For All Time - Blood Money - The Last Supper - The Arrest - King Herod's Soul - Superstar - The Crucifixion - Conclusion | ||
| 650 |
_aROCK [DISCHI] _eCodice MATERIA SPICS: 9950 _91088 |
||
| 700 |
_aRice Tim _eAutore _gCodice autore SPICS: 11116 _920643 |
||
| 700 |
_aStewart Dave _gCodice interprete SPICS: 28563 _eInterprete _920644 |
||
| 942 |
_cMD _2ddc |
||